Statistics for World Capitals Closest to Geographical Center of Country X

Click here to take the quiz!

General Stats

  • This quiz has been taken 183 times
  • The average score is 14 of 21

Answer Stats

D (km) CAPITAL CITY % Correct
2,763 Beijing
87%
3,370 Moscow
86%
3,542 Islamabad
82%
3,949 New Delhi
81%
1,935 Astana
81%
3,598 Kabul
78%
3,392 Seoul
77%
1,660 Ulaanbaatar
77%
2,930 Tashkent
75%
3,198 Pyongyang
71%
3,874 Kathmandu
70%
2,560 Bishkek
70%
3,925 Baku
65%
3,214 Dushanbe
64%
3,728 Ashgabat
60%
3,841 Thimphu
58%
4,003 Minsk
49%
Country XRussia
45%
3,757 Tallinn
42%
3,702 Helsinki
42%
3,955 Riga
41%

Score Distribution

Percentile by Number Answered

Percent of People with Each Score

Your Score History

You have not taken this quiz